| 000 | 02198nam a22001577a 4500 | ||
|---|---|---|---|
| 041 | _aukr | ||
| 080 | _a09 | ||
| 090 | _bПАН | ||
| 100 | _aПанчук Д.М. | ||
| 245 | _aВираження ментальності в англомовній рекламі | ||
| 260 |
_aОстрог _bКАФ _c2009 |
||
| 300 | _a69 | ||
| 520 |
_aВСТУП
РОЗДІЛ 1 РЕКЛАМА, МЕНТАЛЬНІСТЬ, КУЛЬТУРА
1.1 Реклама: поняття і функції, завдання і види.
1.2 Психолінгвістичні особливості рекламного тексту.
1.3 Процес еволюції видів та спосоібв реклами.
1.4 Поняття "ментальність" та його взаємозвязок з культурою народів. Теорія культур Г.Хофстеде.
РОЗДІЛ 2 ВИРАЖЕННЯ МЕНТАЛЬНОСТІ НА ПРИКЛАДАХ АМЕРИКАНСЬКОЇ ТА БРИТАНСЬКОЇ АНГЛОМОВНОЇ РЕКЛАМИ
2.1 Емоційно-образне сприйняття американської та британської реклами носіями іншої ментальності.
2.1.1 Американська ментальність в емоційно-образних характеристиках американської реклами.
2.1.2 Британська ментальність в емоційно-образних характеристиках британської реклами.
2.2 Порівняльна характеристика американської та британської ментальності у рекламі (на основі теорії культур Г.Хофстеде).
2.2.1 Дистанція влади (Power Distance) та індивідуалізм (Individualism).
2.2.2 Гендерна спрямованість (Masculinity/Feminity)/
2.2.3 Уникнення невизначеності (Uncertainty Avoidance) та часова орієнтація (Time Orientation).
ВИСНОВКИ _0реклама,ментальність,культура |
||
| 650 | _aResearch Papers | ||
| 999 |
_c284194 _d284194 |
||
| 942 | _cBK | ||